000 00892nam0a2200301 4500
001 RU\NLR\BIBL_A\012692444
005 20250624120349.0
010 _910000
035 _a(NLR Aleph) 012692444
090 _a13306885
_c13306885
100 _a20220124d1950 |||y0rusy50 ca
101 0 _aaze
102 _aAZ
105 _aa z 000 y
181 0 _ai
_baxxe
182 0 _an
200 1 _aКәнд һәкими
_fҺ. Сеjидбәjли
203 _aТекст
_bвизуальный
_cнепосредственный
210 _aБакы
_cУшагҝәнҹнәшр
_d1950
215 _a169, [1] с.
_cшәк.
_d18
541 1 _6z01790
_aСельский врач
_zrus
686 1 _aШ6(2=Аз)7-4
700 1 _aСеjидбәjли
_bҺ.
_4070
790 1 _6z01541
_aСеидбейли
_bГ.
_4070
852 _aNLR
_bОНЛ
_jАзерб./2-5829
942 _cBOOK
980 _aNB